000 02183cad a22002775a 4500
001 L144581
008 080729e20080711xxk f v 000 0 eng d
035 _a(Sirsi) u144581
041 0 _aeng
245 0 0 _aMcGuane v Welch
_h[electronic resource]
260 _c2008
520 _a[2008] EWCA Civ 785, 11 July 2008. Appellant tenant agreeing to sell lease to respondent at significant undervalue after holding lease on express trust for three years and then refusing to transfer. Appellant (M) sought to have a transaction with respondent (W) set aside as being invalid. M agreed to sell his lease on a secure council tenancy for cash to W and received various payments. W took out a mortgage to finance the purchase through the right to buy scheme and took over all costs of paying this and other household expenses (including renovations). M agreed to hold the property in trust for three years to avoid repayment of the discount obtained through right to buy and then refused to transfer the lease to W after this period. Held: appeal was allowed. M remained the beneficial holder of the lease and at no point did he hold the lease in constructive trust for W. Also, the original judge had misunderstood the law of estoppel and should not have ordered the transfer of the lease, rather looking to provide W with the minimum equity to do justice. The contract was held as not binding and the judge ordered a county court case to determine the amount required to be repaid to W to compensate him for the monies expended on the mortgage and refurbishing the property.
590 _aKA
650 2 4 _aCRESSWELL V POTTER
650 2 4 _aJENNINGS V RICE AND OTHERS
650 2 4 _aMCGUANE V WELCH
650 2 4 _aBACKHOUSE V BACKHOUSE
650 2 4 _aCENTRAL TRUST AND SAFE DEPOSIT COMPANY V SNIDER
650 2 4 _aPARINV (HATFIELD) LTD V IRC
650 2 4 _aTAYLOR FASHIONS LTD V LIVERPOOL VICTORIA TRUSTEES CO LTD
650 2 4 _aYAXLEY V GOTTS
651 4 _aEngland and Wales
_y1543-
690 _aPROPERTY-LEASEHOLD PROPERTY-LANDLORD AND TENANT
856 4 8 _uhttps://www.bailii.org/ew/cases/EWCA/Civ/2008/785.html
_zView the case free of charge at www.bailii.org...
942 _n0
999 _c80527
_d80527